Normal view MARC view

Entry Personal Name

Number of records used in: 1

001 - CONTROL NUMBER

  • control field: 9676

003 - CONTROL NUMBER IDENTIFIER

  • control field: DLC

005 - DATE AND TIME OF LATEST TRANSACTION

  • control field: 20231005162004.0

008 - FIXED-LENGTH DATA ELEMENTS

  • fixed length control field: 061113n| azannaabn |b aaa

010 ## - LIBRARY OF CONGRESS CONTROL NUMBER

  • LC control number: n 2006086697

040 ## - CATALOGING SOURCE

  • Original cataloging agency: DLC
  • Language of cataloging: eng
  • Transcribing agency: DLC
  • Description conventions: rda
  • Modifying agency: DLC

046 ## - SPECIAL CODED DATES

  • Birth date: 1968
  • Source of date scheme: edtf

053 #0 - LC CLASSIFICATION NUMBER

  • Classification number element--single number or beginning number of span: PS3612.E346

100 1# - HEADING--PERSONAL NAME

  • Personal name: Lee, Min Jin

370 ## - ASSOCIATED PLACE

  • Associated country: Korea (South)
  • Associated country: United States
  • Place of residence/headquarters: New York (State)
  • Source of term: naf

374 ## - OCCUPATION

  • Occupation: Columnist
  • Occupation: Novelist

375 ## - GENDER

  • Gender: female

377 ## - ASSOCIATED LANGUAGE

  • Language code: eng

400 1# - SEE FROM TRACING--PERSONAL NAME

  • Personal name: Yi, Min-jin,
  • Dates associated with a name: 1968-

400 1# - SEE FROM TRACING--PERSONAL NAME

  • Personal name: 이 민진,
  • Dates associated with a name: 1968-

670 ## - SOURCE DATA FOUND

  • Source citation: Lee, Min Jin. Free food for millionaires, 2007:
  • Information found: ECIP t.p. (Min Jin Lee)

670 ## - SOURCE DATA FOUND

  • Source citation: English Wikipedia website, viewed May 10, 2017:
  • Information found: (Min Jin Lee (born 1968) is a Korean American writer whose work frequently deals with Korean American topics. She is the author of the novel Free Food for Millionaires)

670 ## - SOURCE DATA FOUND

  • Source citation: Free food for millionaires, 2017:
  • Information found: about the author (Min Jin Lee's debut novel, Free Food for Millionaires, was one of the "Top 10 Novels of the Year" for The Times (London), NPR's Fresh Air, and USA Today. Her short fiction has been featured on NPR's Selected Shorts. Her writings have appeared in Condé Nast Traveler, The Times (London), Vogue, Travel+Leisure, Wall Street Journal, New York Times Magazine, and Food & Wine. Her essays and literary criticism have been anthologized widely. She served as a columnist for the Chosun Ilbo, the leading paper of South Korea. She lives in New York with her family)

670 ## - SOURCE DATA FOUND

  • Source citation: P'ach'ink'o, 2018:
  • Information found: v. 1, t.p. (이 민진 = Yi Min-jin) front flap (Min Jin Lee [in rom.]; moved from South Korea to U.S. when she was 7-years old; majored in history, Yale College; grad., Georgetown University Law School; worked as a lawyer for several years prior to writing full time; author of "Free food for millionaires")

Powered by Koha